| 000 | 00515nam a2200205Ia 4500 | ||
|---|---|---|---|
| 003 | GCL | ||
| 005 | 20240530100127.0 | ||
| 008 | 140319s9999 xx 000 0 eng d | ||
| 040 |
_aGCL / _cGCL |
||
| 082 | 0 | 4 |
_a780.9046 _bM H |
| 100 | 1 | _aMARCO, TOMAS | |
| 245 | 1 | 0 |
_aHISTORIA DE LA MUSICA ESPANOLA / _cMARCO, TOMAS |
| 260 |
_a[S.N] : _bMUSICA ALIANAZA ، _c1989 |
||
| 300 | _a364 P | ||
| 650 | 0 | 4 | _aSPANISH MUSIC |
| 650 | 0 | 4 | _aARTS |
| 650 | 0 | 4 | _aMUSIC - HISTORY |
| 650 | 0 | 4 | _aMUSIC - SPAIN |
| 942 |
_2ddc _cBK |
||
| 999 |
_c14314 _d14314 |
||